书目信息 |
| 题名: |
西方音乐史与名作赏析
|
|
| 作者: | 冯志平 主编 | |
| 分册: | ||
| 出版信息: | 北京 人民音乐出版社 2006 |
|
| 页数: | 270页 | |
| 开本: | 26cm | |
| 丛书名: | ||
| 单 册: | ||
| 中图分类: | J605.5 | |
| 科图分类: | ||
| 主题词: | 音乐史--西方国家--高等教育--教材 , 音乐欣赏 , 音乐史 , 音乐欣赏--西方国家--高等学校--教材 | |
| 电子资源: | ||
| ISBN: | 7-103-03110-X | |
| 000 | 01084nam0 2200301 450 | |
| 001 | 003326105 | |
| 005 | 20070807084107.59 | |
| 010 | @a7-103-03110-X@dCNY34.00 | |
| 100 | @a20060518d2006 em y0chiy0110 ea | |
| 101 | 0 | @achi |
| 102 | @aCN@b110000 | |
| 105 | @aa z 000yy | |
| 200 | 1 | @a西方音乐史与名作赏析@9xi fang yin yue shi yu ming zuo shang xi@f冯志平主编 |
| 210 | @a北京@c人民音乐出版社@d2006 | |
| 215 | @a270页@c图@d26cm@e1光盘 | |
| 300 | @a全国普通高等学校音乐学本科专业教材 | |
| 304 | @a中国教育学会音乐教育专业委员会组编 | |
| 305 | @a与上海音乐出版社合作出版 | |
| 307 | @a附光盘:ISRC CN-M26-06-332-00 | |
| 330 | @a本书共有八章,其内容包括:“早期的辉煌——古希腊和古罗马时期》、《在神学的羽翼下——中世纪时期》、《人性的回归——文艺复兴时期》、《理性与浮华——巴洛克时期》等。 | |
| 606 | 0 | @a音乐史@y西方国家@x高等教育@j教材 |
| 606 | 0 | @a音乐欣赏 |
| 606 | 0 | @a音乐史 |
| 606 | 0 | @a音乐欣赏@y西方国家@x高等学校@j教材 |
| 690 | @aJ605.5@v4 | |
| 701 | 0 | @a冯志平@9feng zhi ping@c(音乐)@4主编 |
| 801 | 0 | @aCN@bNLC@c20070807 |
| 905 | @a10447@dJ605.5@e548 | |
| 西方音乐史与名作赏析/冯志平主编.-北京:人民音乐出版社,2006 |
| 270页:图;26cm+1光盘 |
| 全国普通高等学校音乐学本科专业教材 |
| ISBN 7-103-03110-X:CNY34.00 |
| 本书共有八章,其内容包括:“早期的辉煌——古希腊和古罗马时期》、《在神学的羽翼下——中世纪时期》、《人性的回归——文艺复兴时期》、《理性与浮华——巴洛克时期》等。 |
| ● |
| 相关链接 |
|
|
|
|
正题名:西方音乐史与名作赏析
索取号:J605.5/548
 
预约/预借
| 序号 | 登录号 | 条形码 | 馆藏地/架位号 | 状态 | 备注 |
| 1 | 0802887 | 208028873 | 第一样本阅览室/ [索取号:J605.5/548] | 在馆 | |
| 2 | 0802888 | 208028882 | 第一借阅区/ [索取号:J605.5/548] | 在馆 | |
| 3 | 0802889 | 208028891 | 第一借阅区/ [索取号:J605.5/548] | 在馆 | |
| 4 | 0802890 | 208028908 | 第一借阅区/ [索取号:J605.5/548] | 在馆 | |
| 5 | 0802891 | 208028917 | 第一借阅区/ [索取号:J605.5/548] | 在馆 | |
| 6 | 0802892 | 208028926 | 第一借阅区/ [索取号:J605.5/548] | 在馆 | |
| 7 | 0802893 | 208028935 | 第一借阅区/ [索取号:J605.5/548] | 在馆 | |
| 8 | 0802894 | 208028944 | 音乐系资料室/ [索取号:J605.5/548] | 在馆 | |
| 9 | 0802895 | 208028953 | 音乐系资料室/ [索取号:J605.5/548] | 在馆 | |
| 10 | 0802896 | 208028962 | 音乐系资料室/ [索取号:J605.5/548] | 在馆 |